[Event "Sanxenxo Carlos op"]
[Site "Sanxenxo"]
[Date "2009.06.28"]
[Round "9"]
[White "Gonzalez Diaz, Julio"]
[Black "Paredes Cordo, Jacobo Borja"]
[Result "1/2-1/2"]
[WhiteElo "2243"]
[BlackElo "2231"]
[PlyCount "108"]
[EventDate "2009.06.20"]
[EventType "swiss"]
[EventRounds "9"]
[EventCountry "ESP"]
[SourceTitle "CBM 131 Extra"]
[Source "ChessBase"]
[SourceDate "2009.09.03"]
[SourceVersion "2"]
[SourceVersionDate "2009.09.16"]
[SourceQuality "1"]

1. c4 e5 2. g3 Nc6 3. Bg2 d6 4. Nc3 Be6 5. d3 Qd7 6. b4 Nge7 7. b5 Nd8 8. Qb3 c6 9. bxc6 bxc6 10. Ba3 Nc8 11. h3 Be7 12. Nf3 f5 13. 0-0 0-0 14. Kh2 Bf6 15. e4 Rf7 16. exf5 Bxf5 17. Ne4 Ne6 18. Nxf6+ Rxf6 19. c5 e4 20. Nd4 Kh8 21. Nxf5 Rxf5 22. dxe4 Nxc5 23. Qc2 Rh5 24. Qe2 Qe8 25. f4 Ne6 26. Bb2 Nf8 27. f5 Nd7 28. g4 Rh6 29. g5 Rh5 30. f6 Rxg5 31. fxg7+ Kg8 32. Qc4+ d5 33. exd5 Ncb6 34. Qf4 Rxg2+ 35. Kxg2 Nxd5 36. Qf3 Ne3+ 37. Kh1 Nxf1 38. Rxf1 Qe6 39. Qf5 Re8 40. Qxe6+ Rxe6 41. Rd1 Nf6 42. Rg1 Nh5 43. Bd4 a6 44. Rb1 Nxg7 45. Rb8+ Re8 46. Rb6 Nf5 47. Bf2 Re2 48. Kg2 Rxa2 49. Rxc6 a5 50. Kf3 a4 51. Rf6 Ne7 52. Bd4 Ng6 53. Ra6 a3 54. Bc5 Ra1 1/2-1/2

[Event "Sanxenxo Carlos op"]
[Site "Sanxenxo"]
[Date "2009.06.23"]
[Round "4"]
[White "Paredes Cordo, Jacobo Borja"]
[Black "Pena Gomez, Manuel"]
[Result "1/2-1/2"]
[WhiteElo "2231"]
[BlackElo "2456"]
[PlyCount "67"]
[EventDate "2009.06.20"]
[EventType "swiss"]
[EventRounds "9"]
[EventCountry "ESP"]
[SourceTitle "CBM 131 Extra"]
[Source "ChessBase"]
[SourceDate "2009.09.03"]
[SourceVersion "2"]
[SourceVersionDate "2009.09.16"]
[SourceQuality "1"]

1. e4 c5 2. Nc3 Nc6 3. g3 g6 4. Bg2 Bg7 5. d3 d6 6. f4 e6 7. Nf3 Nge7 8. 0-0 0-0 9. Be3 Nd4 10. Bf2 Rb8 11. Nxd4 cxd4 12. Ne2 e5 13. c3 Nc6 14. cxd4 exd4 15. h3 Qb6 16. b3 f5 17. Re1 Bd7 18. Nc3 Qa6 19. Nd5 fxe4 20. dxe4 Rf7 21. b4 Be6 22. Rb1 Qa3 23. b5 Bxd5 24. exd5 Ne7 25. Qd2 Rc8 26. Rb3 Qc5 27. Rd1 Nf5 28. Kh2 Re7 29. Bf3 Ne3 30. Re1 Qc2 31. Rd3 Qa4 32. Bd1 Qxb5 33. Bxe3 dxe3 34. Rdxe3 1/2-1/2

[Event "ESP-ch Student"]
[Site "Cartagena"]
[Date "2007.05.08"]
[Round "5"]
[White "Paredes Cordo, Jacobo Borja"]
[Black "Pavon Cardenas, Jesus Miguel"]
[Result "1-0"]
[WhiteElo "2211"]
[BlackElo "2122"]
[PlyCount "117"]
[EventDate "2007.05.06"]
[EventType "swiss"]
[EventRounds "9"]
[EventCountry "ESP"]
[SourceTitle "CBM 118 Extra"]
[Source "ChessBase"]
[SourceDate "2007.07.04"]
[SourceVersion "1"]
[SourceVersionDate "2007.07.04"]
[SourceQuality "1"]

1. e4 e5 2. Nf3 Nc6 3. d4 exd4 4. Bc4 d6 5. Nxd4 Nxd4 6. Qxd4 Qf6 7. Qd3 Ne7 8. Nc3 Bd7 9. Be3 Qg6 10. 0-0-0 Qh5 11. f4 a6 12. f5 b5 13. Bb3 b4 14. Nd5 Nxd5 15. Qxd5 c6 16. Qc4 d5 17. exd5 Be7 18. g4 Qh3 19. Rhe1 cxd5 20. Qxd5 0-0 21. Qxd7 Bh4 22. Bc5 Bxe1 23. Rxe1 Qh4 24. Qe7 Qxh2 25. Bd5 Rac8 26. f6 g6 27. Be6 Rxc5 28. Qxc5 fxe6 29. Qxb4 Rxf6 30. Qe7 Qf4+ 31. Kb1 Qd2 32. Rh1 Qg2 33. Qxh7+ Kf8 34. Qh8+ Ke7 35. Qh7+ Rf7 36. Qh4+ Ke8 37. Rd1 Rf1 38. Qd8+ Kf7 39. Qd7+ Kf6 40. Qd8+ Kf7 41. Qc7+ Kf8 42. Qd6+ Kf7 43. a4 Qg1 44. Qc7+ Kf8 45. Rxf1+ Qxf1+ 46. Ka2 Qf3 47. Qd6+ Kf7 48. Qxa6 Qxg4 49. a5 Qe4 50. Qa7+ Kf6 51. b3 Qxc2+ 52. Ka3 Qc1+ 53. Kb4 Qd2+ 54. Kb5 Qe2+ 55. Kc6 Qe4+ 56. Kc7 Qe5+ 57. Kc8 Qc3+ 58. Qc7 Qd3 59. Qd8+ 1-0

[Event "ESP-ch Student"]
[Site "Cartagena"]
[Date "2007.05.07"]
[Round "2"]
[White "Cuenca Jimenez, Jose Fernando"]
[Black "Paredes Cordo, Jacobo Borja"]
[Result "0-1"]
[WhiteElo "2107"]
[BlackElo "2211"]
[PlyCount "72"]
[EventDate "2007.05.06"]
[EventType "swiss"]
[EventRounds "9"]
[EventCountry "ESP"]
[SourceTitle "CBM 118 Extra"]
[Source "ChessBase"]
[SourceDate "2007.07.04"]
[SourceVersion "1"]
[SourceVersionDate "2007.07.04"]
[SourceQuality "1"]

1. c4 e5 2. g3 d6 3. Bg2 Nc6 4. Nc3 Be6 5. d3 Qd7 6. e3 Nge7 7. Nd5 Nd8 8. Ne2 c6 9. Nxe7 Bxe7 10. f4 Bh3 11. 0-0 0-0 12. d4 exd4 13. Nxd4 Bxg2 14. Kxg2 d5 15. Nf3 Bf6 16. e4 Re8 17. e5 Be7 18. cxd5 cxd5 19. Be3 Nc6 20. Rc1 Rac8 21. Qa4 Nxe5 22. Qxd7 Nxd7 23. Bxa7 b6 24. Ne5 Nxe5 25. fxe5 Bc5 26. Rfd1 Ra8 27. b4 Rxa7 28. bxc5 Rxa2+ 29. Kg1 bxc5 30. Rxd5 h6 31. Rdxc5 Rea8 32. Rd1 Re2 33. h3 Ra3 34. Kf1 Rh2 35. Rc8+ Kh7 36. Rc7 Rh1+ 0-1

[Event "Deba op"]
[Site "Deba"]
[Date "2006.10.13"]
[Round "1"]
[White "Paredes Cordo, Jacobo Borja"]
[Black "Alvarez Fernandez, Jose Antonio"]
[Result "1-0"]
[WhiteElo "2214"]
[BlackElo "1960"]
[PlyCount "63"]
[EventDate "2006.10.13"]
[EventType "swiss"]
[EventRounds "7"]
[EventCountry "ESP"]
[SourceTitle "EXT 2007"]
[Source "ChessBase"]
[SourceDate "2006.11.23"]
[SourceVersion "1"]
[SourceVersionDate "2006.11.23"]
[SourceQuality "1"]

1. e4 c5 2. Nf3 Nc6 3. Bb5 a6 4. Bxc6 dxc6 5. 0-0 Bg4 6. d3 Qc7 7. Be3 e5 8. Nbd2 f6 9. a3 g5 10. Qb1 h5 11. b4 cxb4 12. axb4 Be6 13. Nc4 Bxc4 14. dxc4 h4 15. Nd2 Bh6 16. c5 g4 17. Nc4 Rd8 18. Nd6+ Rxd6 19. cxd6 Qxd6 20. Rd1 Qc7 21. Qb3 Bxe3 22. Qe6+ Ne7 23. fxe3 Qc8 24. Qxf6 Rf8 25. Qxe5 h3 26. Qh5+ Rf7 27. Rf1 Qe6 28. Rad1 Ng6 29. Rxf7 Kxf7 30. Qh7+ Kf6 31. Rf1+ Ke5 32. Qg7+ 1-0

[Event "ESP-ch Universities"]
[Site "Madrid"]
[Date "2006.05.07"]
[Round "4"]
[White "Franco Alonso, Alejandro"]
[Black "Paredes Cordo, Jacobo Borja"]
[Result "1/2-1/2"]
[WhiteElo "2421"]
[BlackElo "2177"]
[PlyCount "71"]
[EventDate "2006.05.06"]
[EventType "team"]
[EventRounds "8"]
[EventCountry "ESP"]
[SourceTitle "CBM 112 Extra"]
[Source "ChessBase"]
[SourceDate "2006.07.14"]
[SourceVersion "1"]
[SourceVersionDate "2006.07.14"]
[SourceQuality "1"]

1. d4 f5 2. g3 Nf6 3. Nh3 d6 4. Bg2 c6 5. 0-0 g6 6. Nd2 Bg7 7. c3 0-0 8. Qb3+ d5 9. Nf4 Kh8 10. Nf3 Ne4 11. c4 e6 12. Ne5 Qb6 13. Nfd3 Nd7 14. Nxd7 Bxd7 15. e3 Rac8 16. f3 Nf6 17. Qc2 dxc4 18. Qxc4 Nd5 19. Bd2 c5 20. dxc5 Bb5 21. Qxd5 exd5 22. cxb6 Bxd3 23. Rf2 Bxb2 24. Re1 axb6 25. Bb4 Bc3 26. Bxc3+ Rxc3 27. Rd2 Re8 28. Kf2 Bc4 29. f4 Ra8 30. Red1 Rxa2 31. Rxa2 Bxa2 32. Rd2 Bc4 33. Bxd5 Bxd5 34. Rxd5 Rc2+ 35. Kg1 Re2 36. Rd8+ 1/2-1/2

[Event "ESP-ch Universities"]
[Site "Madrid"]
[Date "2006.05.07"]
[Round "5"]
[White "Paredes Cordo, Jacobo Borja"]
[Black "Llaneza Vega, Marcos"]
[Result "0-1"]
[WhiteElo "2177"]
[BlackElo "2361"]
[PlyCount "40"]
[EventDate "2006.05.06"]
[EventType "team"]
[EventRounds "8"]
[EventCountry "ESP"]
[SourceTitle "CBM 112 Extra"]
[Source "ChessBase"]
[SourceDate "2006.07.14"]
[SourceVersion "1"]
[SourceVersionDate "2006.07.14"]
[SourceQuality "1"]

1. e4 c5 2. Nc3 Nc6 3. g3 g6 4. Bg2 Bg7 5. d3 e5 6. f4 Nge7 7. Nh3 d5 8. 0-0 d4 9. Nb1 h6 10. f5 gxf5 11. Qh5 Qd7 12. Nd2 f4 13. gxf4 Qg4 14. Qxg4 Bxg4 15. Nc4 Rd8 16. a4 Rg8 17. f5 Bf6 18. Kh1 Nb4 19. Bxh6 Bxh3 20. Bxh3 Rh8 0-1

[Event "ESP-ch Universities"]
[Site "Madrid"]
[Date "2006.05.06"]
[Round "2"]
[White "Gonzalez Menendez, Ivan"]
[Black "Paredes Cordo, Jacobo Borja"]
[Result "1/2-1/2"]
[WhiteElo "2413"]
[BlackElo "2177"]
[PlyCount "60"]
[EventDate "2006.05.06"]
[EventType "team"]
[EventRounds "8"]
[EventCountry "ESP"]
[SourceTitle "CBM 112 Extra"]
[Source "ChessBase"]
[SourceDate "2006.07.14"]
[SourceVersion "1"]
[SourceVersionDate "2006.07.14"]
[SourceQuality "1"]

1. e4 c5 2. Nc3 e6 3. Nf3 a6 4. d4 cxd4 5. Nxd4 Nc6 6. Be2 Qc7 7. Be3 Nf6 8. 0-0 Bb4 9. Na4 Be7 10. Nxc6 bxc6 11. Nb6 Rb8 12. Nxc8 Qxc8 13. e5 Nd5 14. Bc1 Bc5 15. c4 Ne7 16. Bd3 Ng6 17. Qh5 0-0 18. Kh1 Bd4 19. Rb1 Qc7 20. f4 f5 21. exf6 Rxf6 22. f5 exf5 23. Bg5 Rf7 24. Bxf5 Rbf8 25. Bd3 Rxf1+ 26. Rxf1 Rxf1+ 27. Bxf1 Qe5 28. h4 Bxb2 29. Qe2 h6 30. Qxe5 Bxe5 1/2-1/2

[Event "ESP-ch Universities"]
[Site "Granada"]
[Date "2005.05.10"]
[Round "6"]
[White "Llanes Hurtado, Miguel"]
[Black "Paredes Cordo, Jacobo Borja"]
[Result "1-0"]
[WhiteElo "2418"]
[BlackElo "2182"]
[PlyCount "67"]
[EventDate "2005.05.09"]
[EventType "team"]
[EventRounds "9"]
[EventCountry "ESP"]
[SourceTitle "CBM 106 Extra"]
[Source "ChessBase"]
[SourceDate "2005.07.01"]
[SourceVersion "1"]
[SourceVersionDate "2005.07.01"]
[SourceQuality "1"]

1. d4 f5 2. g3 Nf6 3. Bg2 g6 4. Nf3 Bg7 5. c4 0-0 6. b4 d6 7. Bb2 c6 8. 0-0 Kh8 9. Nbd2 Be6 10. Qc2 Qc7 11. Ne1 Nbd7 12. Nd3 Rae8 13. a4 Bf7 14. c5 g5 15. b5 dxc5 16. bxc6 cxd4 17. Nb4 bxc6 18. Nxc6 Bd5 19. Nxd4 Qxc2 20. Nxc2 Bxg2 21. Kxg2 e5 22. Ne3 Nh5 23. Rfc1 f4 24. Nd5 Rc8 25. Ne4 h6 26. Ba3 Rxc1 27. Rxc1 Ra8 28. Rc7 Nb6 29. Ndc3 Nf6 30. Nxf6 Bxf6 31. a5 Bd8 32. axb6 Bxc7 33. bxc7 Rc8 34. Bd6 1-0

[Event "Peregrina op 20th"]
[Site "Pontevedra"]
[Date "2004.08.14"]
[Round "2"]
[White "Perez Rodriguez, Luis Manuel"]
[Black "Paredes Cordo, Jacobo Borja"]
[Result "1/2-1/2"]
[WhiteElo "2432"]
[BlackElo "2152"]
[PlyCount "42"]
[EventDate "2004.08.13"]
[EventType "swiss"]
[EventRounds "9"]
[EventCountry "ESP"]
[SourceTitle "CBM 101 Extra"]
[Source "ChessBase"]
[SourceDate "2004.09.01"]
[SourceVersion "2"]
[SourceVersionDate "2004.09.01"]
[SourceQuality "1"]

1. e4 e6 2. d4 d5 3. Nd2 Be7 4. Ngf3 Nf6 5. e5 Nfd7 6. Bd3 c5 7. c3 Nc6 8. 0-0 Qb6 9. dxc5 Nxc5 10. Bc2 0-0 11. Re1 Qc7 12. Nf1 a5 13. Ng3 b6 14. Nh5 Nd7 15. Ng5 Bxg5 16. Bxg5 Ncxe5 17. Nxg7 Kxg7 18. Qh5 Ng6 19. Qh6+ Kg8 20. Bxg6 fxg6 21. Rxe6 Rf7 1/2-1/2

[Event "ESP-ch U20"]
[Site "Mondariz"]
[Date "2004.07.24"]
[Round "8"]
[White "Iza Abete, Amaia"]
[Black "Paredes Cordo, Jacobo Borja"]
[Result "0-1"]
[WhiteElo "1978"]
[BlackElo "2152"]
[PlyCount "106"]
[EventDate "2004.07.18"]
[EventType "swiss"]
[EventRounds "8"]
[EventCountry "ESP"]
[SourceTitle "CBM 101 Extra"]
[Source "ChessBase"]
[SourceDate "2004.09.01"]
[SourceVersion "2"]
[SourceVersionDate "2004.09.01"]
[SourceQuality "1"]

1. e4 e6 2. d4 d5 3. Nc3 Bb4 4. e5 c5 5. Bd2 Ne7 6. f4 0-0 7. Nf3 cxd4 8. Nb5 Bc5 9. Nbxd4 Nbc6 10. Nb3 Bb6 11. Bd3 h6 12. Qe2 a5 13. Be3 a4 14. Nbd4 a3 15. b3 Ba5+ 16. Bd2 Bxd2+ 17. Qxd2 Qb6 18. g4 Nxd4 19. Nxd4 Nc6 20. Nf3 Bd7 21. g5 h5 22. g6 fxg6 23. Bxg6 Qb4 24. 0-0-0 Qxd2+ 25. Rxd2 Rxf4 26. Bxh5 Be8 27. Bxe8 Rxe8 28. Ng5 Rf5 29. h4 Rxe5 30. Rf1 Rf8 31. Rxf8+ Kxf8 32. Rf2+ Ke8 33. c3 Rf5 34. Rxf5 exf5 35. Ne6 Kf7 36. Nf4 Ne7 37. Kd2 g6 38. Ke3 Kf6 39. Nd3 Nc6 40. Nc5 b5 41. Nd3 Na5 42. Nc5 Ke5 43. Nd3+ Kd6 44. Nc1 Nc6 45. Nd3 Na5 46. Nc1 Ke6 47. Kf3 Nc6 48. Ke3 b4 49. c4 dxc4 50. bxc4 Kd6 51. Nb3 Ke5 52. Nd2 Nd4 53. Kd3 b3 0-1

[Event "Galicia-ch U20"]
[Site "Padron"]
[Date "2003.12.28"]
[Round "4.1"]
[White "Paredes Cordo, Jacobo Borja"]
[Black "Abuin Boullon, Manuel Angel"]
[Result "0-1"]
[WhiteElo "2156"]
[BlackElo "2130"]
[PlyCount "116"]
[EventDate "2003.12.26"]
[EventType "swiss"]
[EventRounds "8"]
[EventCountry "ESP"]
[SourceTitle "CBM 098 Extra"]
[Source "ChessBase"]
[SourceDate "2004.03.10"]
[SourceVersion "2"]
[SourceVersionDate "2004.03.10"]
[SourceQuality "1"]

1. e4 e6 2. d4 d5 3. Nd2 Nc6 4. Ngf3 Nf6 5. e5 Nd7 6. Bb5 f6 7. exf6 Qxf6 8. Nf1 Bd6 9. Bg5 Qf7 10. Ne3 0-0 11. Qd2 Qh5 12. Nf1 Rxf3 13. gxf3 Nxd4 14. Qxd4 Qxg5 15. Ng3 Ne5 16. Be2 Ng6 17. h4 Qe7 18. h5 Nf4 19. 0-0-0 e5 20. Qd2 Be6 21. Bd3 Rf8 22. Ne2 Nxd3+ 23. Qxd3 Qf7 24. Ng1 c6 25. Qe2 Qf4+ 26. Kb1 h6 27. Rd3 d4 28. Rd1 Bd5 29. Rh3 c5 30. Qd2 Qf7 31. a3 b6 32. Re1 Qf5 33. Ka1 e4 34. fxe4 Bxe4 35. Qe2 Bg2 36. Rh4 Qxf2 37. Qe6+ Rf7 38. Rg4 Qxe1+ 39. Qxe1 Rf1 40. Qxf1 Bxf1 41. Rg6 Be7 42. Re6 Kf7 43. Re1 Bc4 44. Nf3 Bf6 45. Kb1 Bd5 46. Rf1 Ke6 47. Nd2 Ke5 48. Kc1 Bf7 49. Nf3+ Ke4 50. Nd2+ Kd5 51. Rh1 Bg5 52. Kd1 Be6 53. Nf3 Bg4 54. Ke2 Ke4 55. Rf1 Bxh5 56. b3 Be3 57. a4 a6 58. a5 b5 0-1

[Event "Padron op"]
[Site "Padron"]
[Date "2002.08.28"]
[Round "7"]
[White "Paredes Cordo, Jacobo Borja"]
[Black "Pilgaard, Kim"]
[Result "0-1"]
[WhiteElo "2243"]
[BlackElo "2437"]
[PlyCount "90"]
[EventDate "2002.08.22"]
[EventType "swiss"]
[EventRounds "9"]
[EventCountry "ESP"]
[SourceTitle "CBM 089 Extra"]
[Source "ChessBase"]
[SourceDate "2002.09.10"]
[SourceVersion "2"]
[SourceVersionDate "2002.09.10"]
[SourceQuality "1"]

1. e4 e5 2. Nf3 Nc6 3. Nc3 Nf6 4. g3 d5 5. exd5 Nxd5 6. Bg2 Nxc3 7. bxc3 Bd6 8. d3 0-0 9. 0-0 Rb8 10. Re1 f6 11. Rb1 Be6 12. c4 Qd7 13. Bb2 Rbd8 14. Bc3 b6 15. Nd2 Bc5 16. Ne4 Be7 17. Bd2 Nd4 18. Nc3 c6 19. Ne4 Rfe8 20. a4 h6 21. Be3 f5 22. Nd2 Bf7 23. Bxd4 exd4 24. Qf3 Bg5 25. Nb3 c5 26. Qc6 Qxc6 27. Bxc6 Rxe1+ 28. Rxe1 a5 29. f4 Bf6 30. Nd2 Kf8 31. Kf2 Rd6 32. Bb5 g5 33. Nf3 gxf4 34. gxf4 Bh5 35. Kg2 Bd8 36. Ne5 Bh4 37. Rb1 Ke7 38. Bc6 Bf6 39. Re1 Bxe5 40. Rxe5+ Re6 41. Rxf5 Bg4 42. Re5 Rxe5 43. fxe5 Bd1 44. Kf2 Ke6 45. Ke1 Bg4 0-1

[Event "Alfonso Pedrido op 10th"]
[Site "Villagarcia de Arosa"]
[Date "2002.08.09"]
[Round "6.8"]
[White "Paredes Cordo, Jacobo Borja"]
[Black "Cabrero de Cabo, Miguel Angel"]
[Result "1-0"]
[WhiteElo "2243"]
[BlackElo "2099"]
[PlyCount "105"]
[EventDate "2002.08.04"]
[EventType "swiss"]
[EventRounds "9"]
[EventCountry "ESP"]
[SourceTitle "CBM 089 Extra"]
[Source "ChessBase"]
[SourceDate "2002.09.10"]
[SourceVersion "2"]
[SourceVersionDate "2002.09.10"]
[SourceQuality "1"]

1. e4 c5 2. Nc3 Nc6 3. Nf3 d6 4. Bc4 g6 5. d3 Bg7 6. Bf4 a6 7. a4 e6 8. Qd2 Nge7 9. Bh6 0-0 10. Bxg7 Kxg7 11. Ba2 d5 12. 0-0 Rb8 13. Rfe1 b5 14. axb5 axb5 15. exd5 exd5 16. Ne5 Nd4 17. Ne2 Nxe2+ 18. Rxe2 Be6 19. Qc3 f6 20. Nf3 Bf7 21. Qxc5 Nf5 22. Nd4 Nxd4 23. Qxd4 Ra8 24. b4 Qd6 25. Ree1 Ra4 26. Bb3 Rxb4 27. Qa7 Rh4 28. g3 Rh5 29. Qe7 Qc6 30. Ra7 Qc3 31. Rc7 Qd4 32. Qe3 Qg4 33. Qe6 Rf5 34. Bxd5 Qd4 35. Rxf7+ Rxf7 36. Qxf7+ Kh6 37. Re2 Qxd5 38. Qxd5 Rxd5 39. Re4 Rc5 40. c4 b4 41. Re6 Kg5 42. Rb6 Ra5 43. Rxb4 Ra1+ 44. Kg2 Rd1 45. Rb5+ f5 46. Rd5 Kf6 47. c5 Rc1 48. d4 Rc3 49. h4 Ra3 50. Rd7 h6 51. c6 Rc3 52. d5 Rc5 53. c7 1-0

[Event "Alfonso Pedrido op 10th"]
[Site "Villagarcia de Arosa"]
[Date "2002.08.05"]
[Round "2.2"]
[White "Paredes Cordo, Jacobo Borja"]
[Black "Pilgaard, Kim"]
[Result "0-1"]
[WhiteElo "2243"]
[BlackElo "2437"]
[PlyCount "77"]
[EventDate "2002.08.04"]
[EventType "swiss"]
[EventRounds "9"]
[EventCountry "ESP"]
[SourceTitle "CBM 089 Extra"]
[Source "ChessBase"]
[SourceDate "2002.09.10"]
[SourceVersion "2"]
[SourceVersionDate "2002.09.10"]
[SourceQuality "1"]

1. e4 e5 2. Nc3 Nf6 3. f4 d5 4. fxe5 Nxe4 5. Qf3 Nc6 6. Bb5 Nxc3 7. dxc3 Qh4+ 8. g3 Qe4+ 9. Qxe4 dxe4 10. Bf4 Bd7 11. 0-0-0 0-0-0 12. Bc4 Be7 13. h4 Bg4 14. Be2 Rxd1+ 15. Kxd1 Rd8+ 16. Kc1 Be6 17. a3 h6 18. h5 Bc5 19. b4 Bb6 20. Nh3 a6 21. g4 e3 22. Rd1 Re8 23. Ng1 Bd7 24. Rd5 Nd8 25. Rd3 Bb5 26. Rd1 Ne6 27. Bg3 Bxe2 28. Nxe2 Ng5 29. Bf4 Nf3 30. Rf1 Nd2 31. Re1 Nc4 32. Rf1 Kd7 33. Nd4 Ke7 34. g5 hxg5 35. Bxg5+ Kf8 36. h6 gxh6 37. Bxh6+ Kg8 38. Nf5 e2 39. Re1 0-1

[Event "Villa de Marin op 2nd"]
[Site "Marin"]
[Date "2002.07.20"]
[Round "5.7"]
[White "Espineira Gonzalez, Pablo D"]
[Black "Paredes Cordo, Jacobo Borja"]
[Result "0-1"]
[WhiteElo "2089"]
[BlackElo "2243"]
[PlyCount "66"]
[EventDate "2002.07.16"]
[EventType "swiss"]
[EventRounds "9"]
[EventCountry "ESP"]
[SourceTitle "EXT 2003"]
[Source "ChessBase"]
[SourceDate "2002.11.25"]
[SourceVersion "1"]
[SourceVersionDate "2002.11.25"]
[SourceQuality "1"]

1. c4 e5 2. Nc3 d6 3. e4 Nc6 4. d3 Be6 5. Be3 g6 6. Qd2 Bg7 7. g3 Qd7 8. Bg2 Nd4 9. f3 c6 10. h4 f5 11. Nge2 Nxe2 12. Qxe2 Nf6 13. 0-0 0-0 14. f4 Ng4 15. Rad1 Qe7 16. fxe5 dxe5 17. exf5 gxf5 18. Bg5 Qc5+ 19. Kh1 h6 20. Bc1 Rad8 21. Na4 Qd6 22. Be3 Nxe3 23. Qxe3 f4 24. gxf4 exf4 25. Qf3 Qe7 26. Qh5 Rf5 27. Qg4 f3 28. Bh3 Rd4 29. Qg3 Rxh4 30. Rde1 Rfh5 31. Rxf3 Rxh3+ 32. Qxh3 Rxh3+ 33. Rxh3 Bd5+ 0-1

[Event "Galicia-ch U18"]
[Site "Santiago de Compostela"]
[Date "2002.02.10"]
[Round "4.1"]
[White "Eyo Castro Rial, Alberto"]
[Black "Paredes Cordo, Jacobo Borja"]
[Result "1/2-1/2"]
[WhiteElo "2166"]
[BlackElo "2257"]
[PlyCount "32"]
[EventDate "2002.02.09"]
[EventType "swiss"]
[EventRounds "7"]
[EventCountry "ESP"]
[SourceTitle "CBM 086 Extra"]
[Source "ChessBase"]
[SourceDate "2002.03.14"]
[SourceVersion "1"]
[SourceVersionDate "2002.03.14"]
[SourceQuality "1"]

1. e4 e6 2. d4 d5 3. Nc3 Bb4 4. e5 c5 5. a3 Bxc3+ 6. bxc3 Ne7 7. Qg4 0-0 8. Nf3 Nbc6 9. Bd3 f5 10. exf6 Rxf6 11. Qh5 g6 12. Qg5 Nf5 13. Bxf5 Rxf5 14. Qxd8+ Nxd8 15. 0-0 Nc6 16. Rb1 b6 1/2-1/2

[Event "ESP-ch U18"]
[Site "Formigal"]
[Date "2002.??.??"]
[Round "5.10"]
[White "Paredes Cordo, Jacobo Borja"]
[Black "Perez Mauricio, Xoel"]
[Result "0-1"]
[WhiteElo "2257"]
[BlackElo "2066"]
[PlyCount "68"]
[EventDate "2002.07.05"]
[EventType "swiss"]
[EventRounds "8"]
[EventCountry "ESP"]
[SourceTitle "EXT 2003"]
[Source "ChessBase"]
[SourceDate "2002.11.25"]
[SourceVersion "1"]
[SourceVersionDate "2002.11.25"]
[SourceQuality "1"]

1. e4 c5 2. Nc3 Nc6 3. g3 g6 4. Bg2 Bg7 5. d3 d6 6. f4 Rb8 7. a4 a6 8. Nf3 b5 9. axb5 axb5 10. 0-0 Nh6 11. h3 f5 12. exf5 Nxf5 13. Ng5 Nb4 14. Ne2 e6 15. Re1 h6 16. c3 Nxd3 17. Nxe6 Bxe6 18. Qxd3 0-0 19. Bd5 Bxd5 20. Qxd5+ Kh7 21. Bd2 Re8 22. Kf2 Qd7 23. Ng1 b4 24. g4 Ne7 25. Qf7 Rb7 26. Re6 Rf8 27. Rxe7 Rxf7 28. Rxd7 Rfxd7 29. Ra6 bxc3 30. Bxc3 d5 31. Bxg7 Kxg7 32. f5 gxf5 33. gxf5 Rf7 34. Kg3 Rxf5 0-1

[Event "Galicia-ch U16"]
[Site "Padron"]
[Date "2001.04.15"]
[Round "8.1"]
[White "Paredes Cordo, Jacobo Borja"]
[Black "Eyo Castro Rial, Alberto"]
[Result "1-0"]
[WhiteElo "1958"]
[BlackElo "1843"]
[PlyCount "39"]
[EventDate "2001.04.11"]
[EventType "swiss"]
[EventRounds "9"]
[EventCountry "ESP"]
[SourceTitle "EXT 2002"]
[Source "ChessBase"]
[SourceDate "2001.11.25"]
[SourceVersion "1"]
[SourceVersionDate "2001.11.25"]
[SourceQuality "1"]

1. e4 e6 2. d4 d5 3. Nd2 Nf6 4. e5 Nfd7 5. f4 c5 6. c3 Nc6 7. Ndf3 Qb6 8. g3 cxd4 9. cxd4 Bb4+ 10. Kf2 f6 11. Kg2 0-0 12. Bd3 Kh8 13. Ne2 fxe5 14. fxe5 Rxf3 15. Kxf3 Nxd4+ 16. Kg2 Nxe5 17. Bxh7 Ndc6 18. Bc2 Bd7 19. Rf1 Ng4 20. Qd3 1-0